| 000 | 00000nam 2200000zi 4500 |
| 001 | 9.947134 |
| 003 | CaOODSP |
| 005 | 20250121072003 |
| 006 | m o d f |
| 007 | cr mn||||||||| |
| 008 | 250120t20082008quco o f000 0 eng d |
| 020 | |a9780660636566 |q(print) |
| 040 | |aCaOODSP|beng|erda|cCaOODSP |
| 041 | 0 |aeng|afre |
| 043 | |an-cn-qu|an-cn--- |
| 086 | 1 |aNM24-20/2008-PDF|zNM24-20/2008 |
| 100 | 0 |aMalak, |ephotographer. |
| 245 | 14|aThe Canadian Museum of Civilization / |cphotographs by Malak ; with additional photos by Hans Blohm, Steven Darby, Harry Foster ; introduction by Victor Rabinovitch = Le MuseĢe canadien des civilisations / photographies par Malak ; avec photographies additionnelles par Hans Blohm, Steven Darby, Harry Foster ; introduction par Victor Rabinovitch. |
| 246 | 11|aMusée canadien des civilisations |
| 250 | |a7th ed. = 7e éd. |
| 264 | 1|aGatineau, Quebec : |bCanadian Museum of Civilization = Musée canadien des civilisations, |c2008. |
| 264 | 4|c©2008 |
| 300 | |a1 online resource (103 unnumbered pages) : |bcolour photographs |
| 336 | |atext|btxt|2rdacontent |
| 337 | |acomputer|bc|2rdamedia |
| 338 | |aonline resource|bcr|2rdacarrier |
| 500 | |aDigitized edition from print [produced by Government of Canada Publications Directorate]. |
| 546 | |aText in English and French. |
| 610 | 20|aCanadian Museum of Civilization|vPictorial works. |
| 650 | 0|aNational museums|zCanada|vPictorial works. |
| 655 | 7|aIllustrated works|2lcgft |
| 700 | 1 |aBlohm, Hans, |ephotographer. |
| 700 | 1 |aDarby, Stephen, |ephotographer. |
| 700 | 1 |aFoster, Harry, |ephotographer. |
| 700 | 1 |aRabinovitch, Victor, |eauthor. |
| 710 | 2 |aCanadian Museum of Civilization, |eissuing body. |
| 776 | 0#|tThe Canadian Museum of Civilization : |w(CaOODSP)9.669693 |
| 788 | |tThe Canadian Museum of Civilization / |efre|w(CaOODSP)9.947137 |
| 856 | 40|qPDF|s76.60 MB|uhttps://publications.gc.ca/collections/collection_2025/mch-cmh/NM24-20-2008.pdf |